[Event "BIH-chT 29th"]
[Site "Bihac"]
[Date "2022.08.27"]
[Round "7.3"]
[White "Dumpor, Atif"]
[Black "Salkic, Mahir"]
[Result "1/2-1/2"]
[WhiteElo "2238"]
[BlackElo "2085"]
[PlyCount "79"]
[EventDate "2022.08.23"]
[EventType "tourn"]
[EventRounds "9"]
[EventCountry "BIH"]
[SourceTitle "CBM 210 Extra"]
[Source "ChessBase"]
[SourceDate "2022.11.30"]
[SourceVersion "1"]
[SourceVersionDate "2022.11.30"]
[SourceQuality "1"]

1. c4 e5 2. Nc3 Nf6 3. Nf3 d6 4. g3 Be7 5. Bg2 0-0 6. 0-0 c6 7. e4 Be6 8. d3 h6 9. h3 Nbd7 10. Be3 d5 11. cxd5 cxd5 12. d4 Nxe4 13. dxe5 Nxc3 14. bxc3 Qc7 15. Bd4 Rac8 16. Qe2 Qc4 17. Qe3 Bc5 18. Rfb1 b6 19. Rb3 Qa4 20. Bf1 a6 21. g4 f5 22. exf6 Rxf6 23. Bg2 Bf7 24. Qd2 Bxd4 25. Nxd4 Nc5 26. Rb4 Qd7 27. Rab1 Bg6 28. Nf5 Bxf5 29. gxf5 Qxf5 30. Qxd5+ Qxd5 31. Bxd5+ Kh8 32. Rd4 b5 33. c4 Rd6 34. Rg4 Kh7 35. Re1 Rg6 36. Kg2 h5 37. Rg3 Kh6 38. cxb5 axb5 39. Bf7 Rf6 40. h4 1/2-1/2

[Event "BIH-chT 29th"]
[Site "Bihac"]
[Date "2022.08.26"]
[Round "6.3"]
[White "Salkic, Mahir"]
[Black "Cunjalo, Faris"]
[Result "0-1"]
[WhiteElo "2085"]
[BlackElo "2179"]
[PlyCount "58"]
[EventDate "2022.08.23"]
[EventType "tourn"]
[EventRounds "9"]
[EventCountry "BIH"]
[SourceTitle "CBM 210 Extra"]
[Source "ChessBase"]
[SourceDate "2022.11.30"]
[SourceVersion "1"]
[SourceVersionDate "2022.11.30"]
[SourceQuality "1"]

1. Nf3 d5 2. d4 Nf6 3. Bf4 c5 4. dxc5 e6 5. e3 Bxc5 6. c3 Nc6 7. Bd3 0-0 8. 0-0 Qe7 9. Ne5 Bd6 10. Nxc6 bxc6 11. Bg5 Rb8 12. b3 h6 13. Bh4 g5 14. Bg3 e5 15. Nd2 h5 16. h4 Ng4 17. Nf3 f5 18. Nxg5 e4 19. Bxd6 Qxd6 20. g3 exd3 21. Qxd3 Bb7 22. Rfd1 Rbe8 23. Rd2 c5 24. c4 Rxe3 25. fxe3 Qxg3+ 26. Kf1 Nxe3+ 27. Ke2 d4 28. Rf1 Re8 29. Rf2 Ng4+ 0-1

[Event "BIH-chT 29th"]
[Site "Bihac"]
[Date "2022.08.25"]
[Round "4.3"]
[White "Salkic, Mahir"]
[Black "Hadzic, Latif"]
[Result "1/2-1/2"]
[WhiteElo "2085"]
[BlackElo "2077"]
[PlyCount "41"]
[EventDate "2022.08.23"]
[EventType "tourn"]
[EventRounds "9"]
[EventCountry "BIH"]
[SourceTitle "CBM 210 Extra"]
[Source "ChessBase"]
[SourceDate "2022.11.30"]
[SourceVersion "1"]
[SourceVersionDate "2022.11.30"]
[SourceQuality "1"]

1. d4 Nf6 2. Nf3 d5 3. c4 e6 4. Nc3 dxc4 5. e3 a6 6. a4 b6 7. Bxc4 Bb7 8. 0-0 Nbd7 9. Re1 Be7 10. e4 0-0 11. e5 Nd5 12. Nxd5 Bxd5 13. Bxd5 exd5 14. Qb3 Nb8 15. e6 Nc6 16. exf7+ Rxf7 17. Bd2 Bf6 18. Bc3 Qd7 19. Rad1 Rd8 20. Re3 Re7 21. Rde1 1/2-1/2

[Event "BIH-chT 29th"]
[Site "Bihac"]
[Date "2022.08.24"]
[Round "2.3"]
[White "Lipovcic, Marko"]
[Black "Salkic, Mahir"]
[Result "1-0"]
[WhiteElo "2161"]
[BlackElo "2085"]
[PlyCount "53"]
[EventDate "2022.08.23"]
[EventType "tourn"]
[EventRounds "9"]
[EventCountry "BIH"]
[SourceTitle "CBM 210 Extra"]
[Source "ChessBase"]
[SourceDate "2022.11.30"]
[SourceVersion "1"]
[SourceVersionDate "2022.11.30"]
[SourceQuality "1"]

1. d4 Nf6 2. c4 e6 3. Nf3 d5 4. cxd5 exd5 5. Bg5 c6 6. Nc3 Be7 7. Qc2 0-0 8. e3 Ne4 9. Bxe7 Qxe7 10. Bd3 f5 11. Ne5 Nd7 12. Nxd7 Bxd7 13. 0-0 Rf6 14. Rae1 Rh6 15. f3 Qh4 16. h3 Ng5 17. Rf2 f4 18. Bf5 Bxf5 19. Qxf5 Rg6 20. Kf1 fxe3 21. Rxe3 Qxd4 22. Rfe2 Rf8 23. Re8 Qf6 24. Qc8 Ne4 25. Nxe4 Qf4 26. Rxf8+ Qxf8 27. Nf6+ 1-0

[Event "BIH-chT1A 28th"]
[Site "Mostar"]
[Date "2021.08.07"]
[Round "3.1"]
[White "Mesic, Merim"]
[Black "Salkic, Mahir"]
[Result "0-1"]
[WhiteElo "1773"]
[BlackElo "2067"]
[PlyCount "60"]
[EventDate "2021.08.06"]
[EventType "team-tourn"]
[EventRounds "9"]
[EventCountry "BIH"]
[SourceTitle "CBM 203 Extra"]
[Source "ChessBase"]
[SourceDate "2021.09.30"]
[SourceVersion "1"]
[SourceVersionDate "2021.09.30"]
[SourceQuality "1"]
[WhiteTeam "Gracanica"]
[BlackTeam "Zivinice"]
[WhiteTeamCountry "BIH"]
[BlackTeamCountry "BIH"]

1. e4 c5 2. Nf3 e6 3. c4 Nc6 4. Nc3 Nf6 5. h3 d5 6. cxd5 exd5 7. exd5 Nxd5 8. Be2 Be7 9. 0-0 0-0 10. d4 cxd4 11. Nxd4 Nxc3 12. bxc3 Nxd4 13. cxd4 Bf6 14. Bb2 Be6 15. Qd2 Bd5 16. Rad1 Re8 17. Ba1 Qe7 18. Bd3 Qa3 19. Bb1 Qa6 20. Rfe1 Rxe1+ 21. Rxe1 Rd8 22. Qd3 g6 23. Qd2 Qc6 24. f3 Bh4 25. Re2 Rc8 26. Bb2 Qa4 27. Bc1 Bf6 28. Re5 Bxe5 29. dxe5 Qb5 30. Bd3 Qc5+ 0-1

[Event "BIH-chT1A 28th"]
[Site "Mostar"]
[Date "2021.08.07"]
[Round "2.4"]
[White "Salkic, Mahir"]
[Black "Besirevic, Jasmin"]
[Result "1-0"]
[WhiteElo "2067"]
[BlackElo "1844"]
[PlyCount "59"]
[EventDate "2021.08.06"]
[EventType "team-tourn"]
[EventRounds "9"]
[EventCountry "BIH"]
[SourceTitle "CBM 203 Extra"]
[Source "ChessBase"]
[SourceDate "2021.09.30"]
[SourceVersion "1"]
[SourceVersionDate "2021.09.30"]
[SourceQuality "1"]
[WhiteTeam "Zivinice"]
[BlackTeam "Zenica Preporod"]
[WhiteTeamCountry "BIH"]
[BlackTeamCountry "BIH"]

1. d4 d5 2. Nf3 Nf6 3. c4 e6 4. Nc3 Be7 5. Bf4 c6 6. e3 0-0 7. Qc2 b6 8. cxd5 Nxd5 9. Nxd5 exd5 10. Bd3 h6 11. Bxb8 Rxb8 12. Qxc6 Bb4+ 13. Ke2 Bg4 14. Rac1 Rc8 15. Qb7 Qd7 16. Qxd7 Bxd7 17. Ba6 Rxc1 18. Rxc1 Bd6 19. Ne5 Rd8 20. f4 Kf8 21. h3 Ke7 22. Bb7 Bxe5 23. fxe5 Be6 24. Kf3 Rd7 25. Bc8 Rd8 26. Rc7+ Bd7 27. Ba6 Ke6 28. Rxa7 Rb8 29. Bd3 b5 30. Bf5+ 1-0

[Event "Sarajevo Bosna op 48th"]
[Site "Sarajevo"]
[Date "2018.05.06"]
[Round "2"]
[White "Salkic, Mahir"]
[Black "Grubauer, Gerhard"]
[Result "1-0"]
[WhiteElo "2033"]
[BlackElo "1655"]
[PlyCount "67"]
[EventDate "2018.05.05"]
[EventType "swiss"]
[EventRounds "9"]
[EventCountry "BIH"]
[SourceTitle "CBM 184 Extra"]
[Source "ChessBase"]
[SourceDate "2018.06.28"]
[SourceVersion "1"]
[SourceVersionDate "2018.06.28"]
[SourceQuality "1"]

1. d4 d5 2. Nf3 Nf6 3. c4 Bg4 4. cxd5 Nxd5 5. e4 Nf6 6. Nc3 e6 7. Be3 Bb4 8. Qa4+ Nc6 9. Ne5 0-0 10. Nxc6 Bxc3+ 11. bxc3 bxc6 12. f3 Bh5 13. Qxc6 Rb8 14. Bc4 Rb6 15. Qc5 Bg6 16. 0-0 Nd7 17. Qa3 Rc6 18. Bb5 Rb6 19. Qa4 Nb8 20. d5 a6 21. Bc4 Rb7 22. dxe6 fxe6 23. Bxe6+ Bf7 24. Bxf7+ Rxf7 25. Rfd1 Qf6 26. Qc4 Rb2 27. e5 Rxg2+ 28. Kh1 Rxh2+ 29. Kxh2 Qxe5+ 30. Kg2 Qf6 31. Qe4 Nc6 32. Bd4 Nxd4 33. Rxd4 g6 34. Rad1 1-0

[Event "Sarajevo Bosna op 48th"]
[Site "Sarajevo"]
[Date "2018.05.06"]
[Round "3"]
[White "Vlatkovic, Milos"]
[Black "Salkic, Mahir"]
[Result "1/2-1/2"]
[WhiteElo "2318"]
[BlackElo "2033"]
[PlyCount "100"]
[EventDate "2018.05.05"]
[EventType "swiss"]
[EventRounds "9"]
[EventCountry "BIH"]
[SourceTitle "CBM 184 Extra"]
[Source "ChessBase"]
[SourceDate "2018.06.28"]
[SourceVersion "1"]
[SourceVersionDate "2018.06.28"]
[SourceQuality "1"]

1. d4 Nf6 2. Nf3 d6 3. c4 g6 4. Nc3 Bg7 5. h3 0-0 6. e4 e5 7. d5 Nbd7 8. Bd3 Nc5 9. Bc2 a5 10. Bg5 h6 11. Be3 b6 12. Qd2 Kh7 13. g4 Ng8 14. 0-0-0 Bd7 15. a4 Kh8 16. Rhg1 Qe8 17. Nb5 Rc8 18. Qe2 f5 19. gxf5 gxf5 20. Bxc5 bxc5 21. Nh4 Ne7 22. exf5 Rf6 23. Rg3 Nxf5 24. Nxf5 Bxf5 25. Rdg1 Bxc2 26. Qxc2 Rf7 27. Qe4 Qe7 28. Rg6 Rg8 29. Nc3 Rf4 30. Qg2 Rf6 31. Ne4 Rxg6 32. Qxg6 Rf8 33. Kb1 Qf7 34. Qg4 Rg8 35. Rg3 Rf8 36. Kc2 Qe7 37. Qg6 Qd7 38. b3 Qe7 39. f3 Rf4 40. Kd2 Qf8 41. Ke2 Qf7 42. Qxf7 Rxf7 43. Nc3 Kh7 44. Rg4 h5 45. Rg1 Bh6 46. Nb5 Re7 47. Nc3 Rf7 48. Ne4 Rf4 49. Kf2 Rf8 50. Ke2 Rf4 1/2-1/2

[Event "BIH-chT2"]
[Site "Bosna"]
[Date "2017.08.29"]
[Round "8.2"]
[White "Smajlovic, Nijaz"]
[Black "Salkic, Mahir"]
[Result "1-0"]
[WhiteElo "2007"]
[BlackElo "2070"]
[PlyCount "61"]
[EventDate "2017.08.25"]
[EventType "team-tourn"]
[EventRounds "9"]
[EventCountry "BIH"]
[SourceTitle "EXT 2019"]
[Source "ChessBase"]
[SourceDate "2018.10.10"]
[SourceVersion "1"]
[SourceVersionDate "2018.10.10"]
[SourceQuality "1"]

1. e4 c5 2. Nf3 d6 3. Nc3 Nf6 4. h3 Nc6 5. d4 cxd4 6. Nxd4 a6 7. Nxc6 bxc6 8. Bc4 Bb7 9. Bg5 Qa5 10. Bd2 Qc7 11. 0-0 d5 12. exd5 cxd5 13. Bd3 e6 14. Ne2 e5 15. Re1 Bd6 16. Bf5 0-0 17. Bg5 Ne8 18. Nc3 g6 19. Nxd5 Bxd5 20. Qxd5 gxf5 21. Qxa8 Ng7 22. Qxa6 Rb8 23. Rad1 Bc5 24. b3 Ne6 25. Bf6 Bd4 26. Qe2 Ra8 27. Qf3 Rxa2 28. Qg3+ Kf8 29. Rxd4 f4 30. Qd3 Nxd4 31. Qxh7 1-0

[Event "BIH-chT2"]
[Site "Bosna"]
[Date "2017.08.27"]
[Round "4.2"]
[White "Salkic, Mahir"]
[Black "Sinanovic, Muhamed"]
[Result "1/2-1/2"]
[WhiteElo "2070"]
[BlackElo "2376"]
[PlyCount "119"]
[EventDate "2017.08.25"]
[EventType "team-tourn"]
[EventRounds "9"]
[EventCountry "BIH"]
[SourceTitle "EXT 2019"]
[Source "ChessBase"]
[SourceDate "2018.10.10"]
[SourceVersion "1"]
[SourceVersionDate "2018.10.10"]
[SourceQuality "1"]

1. d4 e6 2. Nf3 c5 3. c4 cxd4 4. Nxd4 Nf6 5. Nc3 Bb4 6. Qc2 0-0 7. e4 d5 8. exd5 exd5 9. Be3 Bg4 10. Bd3 dxc4 11. Bxc4 Nbd7 12. 0-0 Rc8 13. Be2 Bxc3 14. bxc3 Qa5 15. Qb2 b6 16. f3 Bh5 17. c4 Qe5 18. Bf2 Bg6 19. Rfe1 Nc5 20. Bf1 Qb8 21. Rad1 Rfe8 22. Bg3 Qb7 23. Rxe8+ Nxe8 24. Nb5 h6 25. Qe5 a6 26. Nc3 Nf6 27. Bh4 Ncd7 28. Qd4 Kh7 29. Bxf6 Nxf6 30. Nd5 Rc6 31. Nf4 Qe7 32. Nxg6 fxg6 33. Bd3 Re6 34. Kf2 Qa3 35. Rd2 Qc1 36. Rd1 Qa3 37. Rd2 Qa5 38. Bb1 Qh5 39. h3 Qg5 40. h4 Qh5 41. Rb2 Qa5 42. Rd2 Re7 43. Qd3 Qh5 44. g3 Rd7 45. Qe3 Rxd2+ 46. Qxd2 Qc5+ 47. Qe3 Qxc4 48. Qxb6 Qc3 49. g4 Qd2+ 50. Kf1 Qd1+ 51. Kg2 Qe2+ 52. Qf2 Qb5 53. Qc2 Kh8 54. a4 Qd5 55. Qc8+ Kh7 56. Qc2 Kh8 57. Qxg6 Qd2+ 58. Kh3 Qe1 59. Kg2 Qe2+ 60. Kg3 1/2-1/2

[Event "Travnik op"]
[Site "Travnik"]
[Date "2017.07.27"]
[Round "2"]
[White "Salkic, Mahir"]
[Black "Sutkovic, Damir"]
[Result "0-1"]
[WhiteElo "2070"]
[BlackElo "2339"]
[PlyCount "40"]
[EventDate "2017.07.26"]
[EventType "swiss"]
[EventRounds "7"]
[EventCountry "BIH"]
[SourceTitle "CBM 179 Extra"]
[Source "ChessBase"]
[SourceDate "2017.08.23"]
[SourceVersion "1"]
[SourceVersionDate "2017.08.23"]
[SourceQuality "1"]

1. d4 Nf6 2. Nf3 c5 3. d5 e6 4. c4 exd5 5. cxd5 d6 6. Nc3 g6 7. Bg5 Bg7 8. e4 h6 9. Bh4 g5 10. Bg3 Nh5 11. Bb5+ Kf8 12. 0-0 a6 13. Qa4 Nxg3 14. hxg3 Nd7 15. Be2 h5 16. Rac1 h4 17. g4 Ne5 18. Nxe5 Bxe5 19. b4 Qf6 20. bxc5 Qf4 0-1

[Event "BIH-ch"]
[Site "Lukavac"]
[Date "2016.04.02"]
[Round "4"]
[White "Salkic, Mahir"]
[Black "Atlic, Mirza"]
[Result "0-1"]
[WhiteElo "2137"]
[BlackElo "1960"]
[PlyCount "98"]
[EventDate "2016.03.31"]
[EventType "swiss"]
[EventRounds "7"]
[EventCountry "BIH"]
[SourceTitle "CBM 171 Extra"]
[Source "ChessBase"]
[SourceDate "2016.04.26"]
[SourceVersion "1"]
[SourceVersionDate "2016.04.26"]
[SourceQuality "1"]

1. d4 Nf6 2. Nf3 g6 3. c4 Bg7 4. Nc3 0-0 5. Bg5 c5 6. d5 d6 7. e4 e6 8. Bd3 e5 9. Qd2 Na6 10. 0-0 Nc7 11. Nh4 h6 12. Bxh6 Bxh6 13. Qxh6 Ng4 14. Qd2 Qxh4 15. h3 Nf6 16. f4 Qh6 17. Ne2 Nd7 18. Qa5 Ne8 19. Rad1 exf4 20. Nxf4 b6 21. Qa4 Ne5 22. b4 Bd7 23. Qa6 Ng7 24. bxc5 dxc5 25. Be2 g5 26. Nd3 Nxd3 27. Rxd3 Qd6 28. Rdf3 Nh5 29. Qb7 Rab8 30. Qxa7 Ra8 31. Qb7 Rxa2 32. Re3 Bc8 33. e5 Qh6 34. Qc6 Qxc6 35. dxc6 Rxe2 36. Rxe2 Ng3 37. Rb2 Nxf1 38. Kxf1 Be6 39. Rxb6 Bxc4+ 40. Ke1 Rc8 41. Kd2 Bd5 42. g3 Rxc6 43. Rb5 Be6 44. h4 gxh4 45. gxh4 c4 46. Kc3 Ra6 47. Rb8+ Kg7 48. Rd8 Ra3+ 49. Kb2 Re3 0-1

[Event "BIH-chT1A 22nd"]
[Site "Tuzla"]
[Date "2015.10.19"]
[Round "6.4"]
[White "Salkic, Mahir"]
[Black "Ruznic, Ramiz"]
[Result "1-0"]
[WhiteElo "1968"]
[BlackElo "2040"]
[PlyCount "95"]
[EventDate "2015.10.16"]
[EventType "tourn"]
[EventRounds "9"]
[EventCountry "BIH"]
[SourceTitle "CBM 169 Extra"]
[Source "ChessBase"]
[SourceDate "2015.12.18"]
[SourceVersion "1"]
[SourceVersionDate "2015.12.18"]
[SourceQuality "1"]

1. d4 e6 2. Nf3 b6 3. Bf4 Bb7 4. e3 Nf6 5. Bd3 Be7 6. c4 d5 7. 0-0 dxc4 8. Bxc4 0-0 9. Nc3 a6 10. Qe2 b5 11. Bb3 c5 12. dxc5 Bxc5 13. Rfd1 Qb6 14. Rac1 h6 15. Ne5 Nc6 16. Nd7 Nxd7 17. Rxd7 Na5 18. Qg4 Qc6 19. Rc7 Qb6 20. Bxh6 g6 21. Rxf7 Kxf7 22. Qf4+ Ke8 23. Bxf8 Bxf8 24. Bc2 e5 25. Qxe5+ Kf7 26. Nd5 Qd6 27. Bxg6+ Kxg6 28. Nf4+ Kh6 29. Qh5+ Kg7 30. Rc7+ Be7 31. Qg5+ Kf7 32. Rxe7+ Qxe7 33. Qg6+ Kf8 34. Ne6+ Qxe6 35. Qxe6 Rc8 36. Qf6+ Ke8 37. Qe6+ Kf8 38. Qf6+ Ke8 39. h4 Rc6 40. Qh8+ Kd7 41. Qh7+ Kc8 42. h5 Nc4 43. h6 Nd2 44. Qg8+ Kc7 45. h7 Rc1+ 46. Kh2 Nf1+ 47. Kh3 Nd2 48. h8Q 1-0

[Event "BIH-chT1A 22nd"]
[Site "Tuzla"]
[Date "2015.10.17"]
[Round "3.1"]
[White "Salkic, Mahir"]
[Black "Strinic, Halid"]
[Result "0-1"]
[WhiteElo "1968"]
[BlackElo "2109"]
[PlyCount "112"]
[EventDate "2015.10.16"]
[EventType "tourn"]
[EventRounds "9"]
[EventCountry "BIH"]
[SourceTitle "CBM 169 Extra"]
[Source "ChessBase"]
[SourceDate "2015.12.18"]
[SourceVersion "1"]
[SourceVersionDate "2015.12.18"]
[SourceQuality "1"]

1. d4 d5 2. Nf3 c6 3. c4 Nf6 4. Nc3 dxc4 5. e4 b5 6. Qc2 e6 7. Bg5 Be7 8. Be2 Bb7 9. 0-0 h6 10. Bh4 Nbd7 11. e5 Nd5 12. Bxe7 Qxe7 13. Ne4 0-0 14. Nd6 N7b6 15. Nd2 f5 16. b3 c3 17. Nf3 Nc8 18. Nxb7 Qxb7 19. a3 a5 20. Ne1 Qb6 21. Nf3 Nce7 22. Rfd1 Rac8 23. Rd3 Rfd8 24. Rad1 b4 25. Qc1 a4 26. axb4 axb3 27. Rxc3 Nxc3 28. Qxc3 Nd5 29. Qxb3 Qxb4 30. Qxb4 Nxb4 31. Bc4 Kf7 32. Ra1 Ra8 33. Rb1 Rdb8 34. h4 g6 35. Kh2 Ke7 36. Rg1 Ra3 37. Rb1 Rc3 38. Bf1 Rc2 39. Kg3 c5 40. dxc5 Rxc5 41. Nd4 Rb6 42. f4 Nd5 43. Ra1 Rc3+ 44. Nf3 Rb4 45. Ra7+ Rc7 46. Ra8 Nxf4 47. Rh8 Rc1 48. Rh7+ Kf8 49. Ba6 Rc2 50. Bf1 Ne2+ 51. Bxe2 Rxe2 52. Kh3 Rg4 53. g3 Rf2 54. Nh2 Re4 55. Rh8+ Kg7 56. Ra8 Ree2 0-1

[Event "BIH-chT1A 22nd"]
[Site "Tuzla"]
[Date "2015.10.16"]
[Round "1.2"]
[White "Salkic, Mahir"]
[Black "Smajlovic, Nijaz"]
[Result "1-0"]
[WhiteElo "1968"]
[BlackElo "1995"]
[PlyCount "43"]
[EventDate "2015.10.16"]
[EventType "tourn"]
[EventRounds "9"]
[EventCountry "BIH"]
[SourceTitle "CBM 169 Extra"]
[Source "ChessBase"]
[SourceDate "2015.12.18"]
[SourceVersion "1"]
[SourceVersionDate "2015.12.18"]
[SourceQuality "1"]

1. d4 d5 2. Nf3 c5 3. e3 Nc6 4. c4 Bg4 5. cxd5 Qxd5 6. Nc3 Qh5 7. Be2 e6 8. Qa4 0-0-0 9. 0-0 Bd6 10. Ne4 cxd4 11. Nxd6+ Rxd6 12. exd4 Nge7 13. Bf4 Rd5 14. Rac1 Ra5 15. Qb4 Nd5 16. Qxa5 Nxf4 17. Rxc6+ bxc6 18. Ba6+ Kb8 19. Qb4+ Kc7 20. Qe7+ Kb6 21. Qb7+ Ka5 22. Ne5 1-0

[Event "Bihac-chT1"]
[Site "Bihac"]
[Date "2014.08.24"]
[Round "2"]
[White "Salkic, Mahir"]
[Black "Zuko, Rasim"]
[Result "1-0"]
[WhiteElo "1956"]
[BlackElo "2055"]
[PlyCount "49"]
[EventDate "2014.08.23"]
[EventType "swiss"]
[EventRounds "9"]
[EventCountry "BIH"]
[SourceTitle "EXT 2015"]
[Source "ChessBase"]
[SourceDate "2014.11.20"]
[SourceVersion "1"]
[SourceVersionDate "2014.11.20"]
[SourceQuality "1"]

1. e4 c5 2. d3 g6 3. f4 e6 4. Nf3 Bg7 5. g3 Ne7 6. Bg2 Nbc6 7. 0-0 0-0 8. c3 h6 9. Be3 b6 10. Nbd2 Bb7 11. Qe2 Rc8 12. Bf2 d5 13. e5 Ba6 14. g4 Qc7 15. h4 Kh7 16. Bg3 Rcd8 17. Rae1 Qd7 18. Bh3 Na5 19. Nh2 Qb5 20. f5 gxf5 21. gxf5 exf5 22. Qh5 Qxd3 23. Ndf3 Kg8 24. Bf4 Kh7 25. Kh1 1-0